00520nam a2200169Ia 4500008004000000020001800040082001700058100002200075245003100097260002700128300001300155650002100168690001100189906001100200999001700211952012200228210210b1984 xxu||||| |||| 00| 0 eng d a0 632 00995 0 a581.234 HILM aHILL (STEPHEN A). aMethods in plant virology. aLondonbB S Pc1984 aviii,167 aPlant Virology  aBotany a043133 c92604d92604 001040708BiologyaALbALcBiologyd2021-02-17g80.00l0o581.234 HILMp043133r2021-02-17 00:00:00w2021-02-17yBK